Gender and Sexuality Diversity in a Culture of Limitation (Record no. 24100)
[ view plain ]
| 000 -LEADER | |
|---|---|
| fixed length control field | 00608nam a2200121Ia 4500 |
| 008 - FIXED-LENGTH DATA ELEMENTS--GENERAL INFORMATION | |
| fixed length control field | 220620s9999||||xx |||||||||||||| ||und|| |
| 100 ## - MAIN ENTRY--PERSONAL NAME | |
| Personal name | Ferfolja, Tania||Ullman, Jacqueline |
| 245 #0 - TITLE STATEMENT | |
| Title | Gender and Sexuality Diversity in a Culture of Limitation |
| Remainder of title | Student and Teacher Experiences in Schools |
| 546 ## - LANGUAGE NOTE | |
| Language note | English[eng] |
| 650 ## - SUBJECT ADDED ENTRY--TOPICAL TERM | |
| Topical term or geographic name entry element | culture of limitation||gender diversity||inclusive schools||Jacqueline Ullman||LGBTQ students||school discrimination||sexuality diversity||sexuality education||Tania Ferfolja |
| 856 ## - ELECTRONIC LOCATION AND ACCESS | |
| Uniform Resource Identifier | <a href="https://library.oapen.org/bitstream/20.500.12657/52775/1/9781351666053.pdf">https://library.oapen.org/bitstream/20.500.12657/52775/1/9781351666053.pdf</a> |
| 942 ## - ADDED ENTRY ELEMENTS (KOHA) | |
| Koha item type | E-Books |
| Withdrawn status | Lost status | Damaged status | Not for loan | Home library | Current library | Date acquired | Total Checkouts | Date last seen | Price effective from | Koha item type |
|---|---|---|---|---|---|---|---|---|---|---|
| Kerala University of Digital Sciences, Innovation and Technology Knowledge Centre | Kerala University of Digital Sciences, Innovation and Technology Knowledge Centre | 20/06/2022 | 20/06/2022 | 20/06/2022 | E-Books |